| 000 | 01546cam a22004097a 4500 | ||
|---|---|---|---|
| 003 | CHAP | ||
| 005 | 20220329141840.0 | ||
| 008 | 980130d1997 mx b r 00110 spa d | ||
| 010 | _a74742 | ||
| 011 | _a75714 | ||
| 035 | _a85283 | ||
| 040 | _cCHAP | ||
| 090 | _aTesis | ||
| 100 | 0 | 0 |
_aMoreno Ortiz, Manuel. _978672 |
| 245 | 1 | 0 |
_aCaracterización y evaluación del PROCAMPO en el Centro de Apoyo al Desarrollo Rural (CADER) Salvatierra _c/por Manuel Moreno Ortiz |
| 260 |
_aChapingo, Méx. : _bEl autor, _c1997. |
||
| 300 |
_a226 h. : _bmapas |
||
| 502 | _aTesis (M.C. en Desarrollo Rural Regional) -- UACH. Subdirección de Centros Regionales Universitarios | ||
| 590 |
_aALEPH _b10 _c20130110 _lUCH01 _h1421 |
||
| 590 |
_aBATCH-UPD _b10 _c20130110 _lUCH01 _h0147 |
||
| 590 |
_aBATCH-UPD _b10 _c20130110 _lUCH01 _h0927 |
||
| 590 |
_aBATCH-UPD _b10 _c20130409 _lUCH01 _h2147 |
||
| 590 |
_aBATCH-UPD _b10 _c20130410 _lUCH01 _h0548 |
||
| 590 |
_aBATCH-UPD _b10 _c20130913 _lUCH01 _h2131 |
||
| 590 |
_aCONVERSION _b10 _c20130109 _lUCH01 _h1341 |
||
| 650 | 1 | 4 |
_aAgricultura _zGuanajuato. _91927 |
| 650 | 1 | 4 |
_aCultivos _xGuanajuato. _930278 |
| 650 | 1 | 4 |
_aGuanajuato _xCondiciones económicas. _950977 |
| 650 | 1 | 4 |
_aGuanajuato _xCondiciones rurales. _950978 |
| 650 | 1 | 4 |
_aGuanajuato _xCondiciones sociales. _950979 |
| 650 | 1 | 4 |
_aPolítica agrícola _xGuanajuato. _990321 |
| 901 | _aBK | ||
| 911 | _aAlejandra Carrasco M. | ||
| 942 | _cFOLL | ||
| 949 |
_bBC _cTES _d33724000586194 _eTS2 _fc.2 _h32063 _i85283 _sb |
||
| 949 |
_bBC _cTES _d852831 _eTS1 _h32062 _i85283 _sb |
||
| 999 |
_c74742 _d74742 |
||